[Event "66th ch-RUS HL"]
[Site "Yekaterinburg RUS"]
[Date "2013.06.27"]
[Round "7.23"]
[White "Kruchev, Boris"]
[Black "Kozlitin, Roman"]
[Result "1-0"]
[WhiteTitle "FM"]
[BlackTitle "FM"]
[WhiteElo "2272"]
[BlackElo "2361"]
[WhiteFideId "4179714"]
[BlackFideId "4142845"]
[EventDate "2013.06.20"]

1. e4 c5 2. Nf3 d6 3. d4 cxd4 4. Qxd4 Nc6 5. Bb5 Bd7 6. Qd3 Nf6 7. c4 g6 8. O-O
Bg7 9. Nc3 O-O 10. h3 Rc8 11. Be3 a6 12. Bxc6 Bxc6 13. Nd4 Nd7 14. Rac1 Nc5 15.
Qb1 Bd7 16. Rfd1 Na4 17. Nxa4 Bxa4 18. b3 Bd7 19. Qd3 Qa5 20. a4 f5 21. exf5
gxf5 22. Ne2 Bc6 23. Nf4 Rf7 24. Bd2 Qe5 25. Qg3 Qf6 26. Nd5 Qg6 27. Bg5 Bf8 28.
Nf4 Qg7 29. Ne6 Qg6 30. Re1 h6 31. Nxf8 Qxg5 32. Qxg5+ hxg5 33. Ne6 g4 34. hxg4
fxg4 35. Rcd1 Bd7 36. Rd4 Bxe6 37. Rxe6 Rg7 38. g3 Rc5 39. Ree4 Rcg5 40. Kf1 Kf7
41. Ke2 R5g6 42. c5 dxc5 43. Rd7 Re6 44. Rxe6 Kxe6 45. Rxb7 Kd5 46. Ra7 Rg6 47.
Rxe7 Rb6 48. Rd7+ Ke5 49. Rd3 Rb4 50. Rc3 Kd4 51. Kd2 Kd5 52. Kc2 c4 53. Rxc4
Rxc4+ 54. bxc4+ Kxc4 55. Kd2 a5 56. f3 gxf3 57. Ke3 Kb4 58. g4 Kc5 59. Kxf3 Kd6
60. Kf4 Ke6 61. Kg5 Kf7 62. Kh6 1-0

[Event "66th ch-RUS HL"]
[Site "Yekaterinburg RUS"]
[Date "2013.06.27"]
[Round "7.24"]
[White "Khegay, Dmitriy"]
[Black "Moiseenko, Vadim"]
[Result "0-1"]
[WhiteTitle "FM"]
[BlackTitle "IM"]
[WhiteElo "2349"]
[BlackElo "2473"]
[WhiteFideId "24153729"]
[BlackFideId "4123700"]
[EventDate "2013.06.20"]

1. g3 g6 2. Bg2 Bg7 3. d4 d6 4. e4 c5 5. c3 Qa5 6. Nd2 cxd4 7. Nb3 Qa6 8. cxd4
Nc6 9. Ne2 Bg4 10. f3 Bd7 11. O-O Nf6 12. Be3 O-O 13. Qd2 b6 14. h3 Rac8 15. f4
Nb4 16. Nc3 Bb5 17. Rfd1 Ba4 18. d5 Rc7 19. Bf1 b5 20. a3 Rxc3 21. bxc3 Nxe4 22.
Qg2 Nxc3 23. axb4 Nxd1 24. Bd4 Bxd4+ 25. Nxd4 Ne3 26. Qd2 Nxf1 27. Rxf1 Qb7 28.
Nc6 e6 29. f5 exf5 30. Re1 Qb6+ 31. Kg2 Kg7 32. Qc3+ f6 33. Re7+ Rf7 34. Qe1 Bb3
35. Rxf7+ Kxf7 36. Qe7+ Kg8 37. Qe6+ Kg7 38. h4 Kh6 39. g4 fxg4 40. Qe4 f5 41.
Qf4+ Kg7 42. Qd2 Bc4 43. h5 g3 44. h6+ Kf7 45. Nd4 Bxd5+ 46. Kxg3 Be4 47. Qc3
Qd8 48. Kh3 a6 49. Qb3+ d5 50. Qc3 g5 51. Nc6 g4+ 52. Kg3 Qd6+ 53. Ne5+ Kf6 54.
Kf4 d4 55. Qc5 Qxc5 56. bxc5 d3 0-1

[Event "66th ch-RUS HL"]
[Site "Yekaterinburg RUS"]
[Date "2013.06.27"]
[Round "7.25"]
[White "Shishigin, Dmitry"]
[Black "Yuferev, Oleg"]
[Result "1/2-1/2"]
[BlackTitle "FM"]
[WhiteElo "2230"]
[BlackElo "2284"]
[WhiteFideId "24104353"]
[BlackFideId "4131720"]
[EventDate "2013.06.20"]

1. d4 Nf6 2. c4 c5 3. d5 e6 4. Nc3 exd5 5. cxd5 Bd6 6. e4 O-O 7. Nf3 Re8 8. Bd3
Bc7 9. O-O d6 10. h3 a6 11. a4 Nbd7 12. Bf4 Nf8 13. Bh2 Ng6 14. Nd2 Ne5 15. Be2
Rb8 16. f4 Ng6 17. Bd3 Bd7 18. g4 h6 19. Nf3 b5 20. e5 b4 21. Ne2 dxe5 22. Bxg6
e4 23. Bxf7+ Kxf7 24. Ne5+ Kg8 25. b3 Bc8 26. Nc6 Qxd5 27. Qxd5+ Nxd5 28. Nxb8
Bxb8 29. Rfd1 Bb7 30. Bg3 g6 31. Rac1 Ba7 32. Kh2 Kf7 33. Rd2 e3 34. Rd3 a5 35.
f5 gxf5 36. gxf5 Nf6 37. Nf4 Be4 38. Rxe3 c4 39. Rxe4 Rxe4 40. Rxc4 Rxc4 41.
bxc4 Bd4 42. Nd3 Nd7 43. Kg2 b3 44. Kf1 Nc5 45. Ke2 Nxa4 46. Be1 Nc3+ 47. Bxc3
Bxc3 48. Kd1 Bd4 49. c5 a4 50. c6 Ke7 51. f6+ Bxf6 52. Nc5 Be5 53. Nxa4 Kd6 54.
c7 Kxc7 55. Nc5 b2 56. Kc2 Kd6 57. Nd3 h5 58. h4 Bg3 59. Nxb2 Bxh4 60. Kd3 Ke5
61. Ke3 1/2-1/2

[Event "66th ch-RUS HL"]
[Site "Yekaterinburg RUS"]
[Date "2013.06.28"]
[Round "8.1"]
[White "Shomoev, Anton"]
[Black "Goganov, Aleksey"]
[Result "1/2-1/2"]
[WhiteTitle "GM"]
[BlackTitle "IM"]
[WhiteElo "2565"]
[BlackElo "2562"]
[WhiteFideId "4135148"]
[BlackFideId "24109959"]
[EventDate "2013.06.20"]

1. e4 e5 2. Nf3 Nc6 3. Bb5 Nf6 4. d3 Bc5 5. c3 O-O 6. O-O Re8 7. Nbd2 a6 8. Bxc6
dxc6 9. Nc4 Nd7 10. b4 Bf8 11. Bg5 f6 12. Be3 Nb8 13. Qc2 Be6 14. Nfd2 Nd7 15.
Na5 Qc8 16. Rfb1 Bf7 17. a3 b6 18. Nab3 a5 19. Nc4 a4 20. Nc1 f5 21. exf5 Nf6
22. Ne2 Qxf5 23. Ng3 Qg6 24. Nd2 Rad8 25. Nge4 Nd5 26. Nf3 Rd7 27. Re1 Nf4 28.
Bxf4 exf4 29. c4 h6 30. Re2 b5 31. Rae1 bxc4 32. dxc4 Kh8 33. Kh1 Rde7 34. Nfd2
Be6 35. f3 Ra8 36. Qc3 Bf5 37. Nf2 Rxe2 38. Rxe2 Rd8 39. Nde4 Qf7 40. h3 Be6 41.
Rd2 Rxd2 42. Nxd2 c5 43. b5 Qd7 44. Nfe4 Qd4 45. Kh2 Be7 46. Qa5 Bh4 47. Qxc7
Bg3+ 48. Nxg3 fxg3+ 49. Kxg3 Qxd2 50. b6 Qg5+ 51. Kh2 Bxh3 52. g4 Qh4 53. Qg3
Qf6 54. Kxh3 Qxb6 55. Qe5 Qb3 56. Qe8+ 1/2-1/2

[Event "66th ch-RUS HL"]
[Site "Yekaterinburg RUS"]
[Date "2013.06.28"]
[Round "8.3"]
[White "Tomashevsky, Evgeny"]
[Black "Inarkiev, Ernesto"]
[Result "0-1"]
[WhiteTitle "GM"]
[BlackTitle "GM"]
[WhiteElo "2709"]
[BlackElo "2680"]
[WhiteFideId "4147235"]
[BlackFideId "4162722"]
[EventDate "2013.06.20"]

1. d4 d5 2. c4 c6 3. Nf3 Nf6 4. e3 e6 5. Bd3 dxc4 6. Bxc4 Nbd7 7. O-O Bd6 8. Re1
O-O 9. e4 e5 10. Bg5 Re8 11. Qb3 Qe7 12. Nbd2 b5 13. Bf1 a6 14. a4 Bb7 15. Rad1
Rad8 16. Bh4 Qf8 17. Bg3 Bb8 18. dxe5 Nxe5 19. Bxe5 Bxe5 20. Nxe5 Rxe5 21. Qg3
Rde8 22. Bd3 Qb4 23. Nf3 R5e7 24. e5 Nh5 25. Qg5 Nf4 26. Be4 Ne6 27. Qh4 g6 28.
Qf6 bxa4 29. h4 c5 30. Bxb7 Rxb7 31. Rd6 Qxb2 32. h5 a3 33. h6 a2 34. Rxa6 c4
35. Kh2 Qb1 36. Kg3 c3 37. Qh4 c2 38. Qc4 Rf8 39. Rxa2 Rc7 0-1

[Event "66th ch-RUS HL"]
[Site "Yekaterinburg RUS"]
[Date "2013.06.28"]
[Round "8.4"]
[White "Grachev, Boris"]
[Black "Alekseev, Evgeny"]
[Result "1/2-1/2"]
[WhiteTitle "GM"]
[BlackTitle "GM"]
[WhiteElo "2683"]
[BlackElo "2714"]
[WhiteFideId "4129199"]
[BlackFideId "4138147"]
[EventDate "2013.06.20"]

1. c4 c5 2. Nf3 Nc6 3. Nc3 g6 4. e3 Nf6 5. d4 cxd4 6. exd4 d5 7. cxd5 Nxd5 8.
Qb3 e6 9. Bg5 Be7 10. Bh6 Bf8 11. Bxf8 Kxf8 12. Bb5 Nce7 13. O-O Kg7 14. Rac1
Nf6 15. Rfe1 Rf8 16. Be2 b6 17. Ne5 Bb7 18. Bf3 Bxf3 19. Nxf3 Rc8 20. Qa3 a5 21.
Nb5 Nf5 22. h3 Qd7 23. Qb3 Rxc1 24. Rxc1 Rc8 25. Rc3 Nd5 26. Ne5 Qd8 27. Rxc8
Qxc8 28. Qc4 Qd8 29. Qc1 Nde7 30. Qc4 Nd5 31. Qc1 Nde7 32. Qc4 Nd5 1/2-1/2

[Event "66th ch-RUS HL"]
[Site "Yekaterinburg RUS"]
[Date "2013.06.28"]
[Round "8.6"]
[White "Prizant, Jaroslav"]
[Black "Khismatullin, Denis"]
[Result "1/2-1/2"]
[WhiteTitle "IM"]
[BlackTitle "GM"]
[WhiteElo "2515"]
[BlackElo "2658"]
[WhiteFideId "4140664"]
[BlackFideId "4142578"]
[EventDate "2013.06.20"]

1. d4 g6 2. c4 Bg7 3. Nc3 c5 4. d5 d6 5. e4 e6 6. Nf3 Ne7 7. h3 a6 8. Bf4 e5 9.
Bd2 Nd7 10. Bd3 Nf6 11. a3 Nh5 12. g3 O-O 13. Nh4 Bd7 14. Ng2 f5 15. exf5 Nxf5
16. Bxf5 Rxf5 17. g4 Nf4 18. Nxf4 Rxf4 19. Bxf4 exf4 20. Kf1 b5 21. cxb5 axb5
22. Kg2 Be5 23. Qf3 Qb6 24. Rhe1 c4 25. Rad1 Kg7 26. Rd2 h5 27. Rde2 hxg4 28.
hxg4 Rh8 29. Rh1 Rxh1 30. Kxh1 Qb7 31. Kg2 Qc8 32. Rxe5 dxe5 33. Qe2 Qc7 34. Ne4
Qb7 35. Nc3 Qc7 36. f3 Qd6 37. Qd1 Qb6 38. Kf1 Qd4 39. Qxd4 exd4 40. Ne2 d3 41.
Nxf4 Kf6 42. Kf2 Bc8 43. Ke3 Bb7 44. d6 Bc6 45. Nh3 Ke5 46. Nf4 Kf6 47. Nh3 Ke5
48. Nf4 Kf6 49. Nh3 1/2-1/2

[Event "66th ch-RUS HL"]
[Site "Yekaterinburg RUS"]
[Date "2013.06.28"]
[Round "8.8"]
[White "Ponkratov, Pavel"]
[Black "Riazantsev, Alexander"]
[Result "1/2-1/2"]
[WhiteTitle "GM"]
[BlackTitle "GM"]
[WhiteElo "2605"]
[BlackElo "2708"]
[WhiteFideId "4157800"]
[BlackFideId "4125029"]
[EventDate "2013.06.20"]

1. e4 c6 2. d4 d5 3. e5 Bf5 4. Nf3 e6 5. Be2 Bg6 6. O-O Ne7 7. Nbd2 c5 8. dxc5
Nec6 9. a3 Bxc5 10. b4 Bd4 11. Ra2 Bb6 12. c4 Nd7 13. cxd5 exd5 14. Nb3 O-O 15.
b5 Ncxe5 16. Qxd5 Nc5 17. Qxe5 Nxb3 18. Bb2 f6 19. Bc4+ Kh8 20. Qf4 Na5 21. Nh4
Bd3 22. Bxd3 Qxd3 23. a4 Qb3 24. Rfa1 Rae8 25. h3 Re2 26. Ba3 Rxa2 27. Rxa2 Qb1+
28. Kh2 Qxa2 29. Bxf8 Qf7 30. Qb4 Nc4 31. Nf5 Qc7+ 32. g3 Kg8 33. Bxg7 Qc5 34.
Qxc5 Bxc5 35. Bxf6 Bxf2 36. Kg2 Bc5 37. Kf3 Kf7 38. Bc3 Nb6 39. a5 Nd5 40. Be5
Bb4 41. Ke4 Nf6+ 42. Bxf6 Kxf6 43. a6 bxa6 44. bxa6 h5 45. Nd4 Be1 46. Nb5 Ke6
47. Nxa7 Kd6 48. Nb5+ Kc6 49. g4 hxg4 50. hxg4 Bh4 51. Ke5 Kb6 52. a7 Kb7 53.
Kf5 Ka8 54. Kg6 Kb7 55. Kh5 Bf6 56. Nc7 Kxa7 57. Ne8 Bd8 58. Kg6 Bh4 59. g5 Bxg5 1/2-1/2

[Event "66th ch-RUS HL"]
[Site "Yekaterinburg RUS"]
[Date "2013.06.28"]
[Round "8.10"]
[White "Khairullin, Ildar"]
[Black "Demchenko, Anton"]
[Result "1/2-1/2"]
[WhiteTitle "GM"]
[BlackTitle "GM"]
[WhiteElo "2658"]
[BlackElo "2639"]
[WhiteFideId "4151348"]
[BlackFideId "4160258"]
[EventDate "2013.06.20"]

1. d4 Nf6 2. c4 g6 3. Nc3 Bg7 4. e4 d6 5. f3 O-O 6. Be3 Nc6 7. Nge2 a6 8. Qd2
Rb8 9. Rc1 Bd7 10. b3 b5 11. cxb5 axb5 12. d5 Ne5 13. Nd4 Qe8 14. a3 e6 15. Be2
exd5 16. exd5 b4 17. axb4 Rxb4 18. O-O c5 19. dxc6 Nxc6 20. Nxc6 Bxc6 21. Bc4
Qb8 22. Bd4 Rb7 23. Rfd1 Rd8 24. Qg5 Ne8 25. Bxg7 Kxg7 26. Qe3 Nf6 27. Qd4 Qa7
28. Qxa7 Rxa7 29. b4 d5 30. Bf1 Rb8 31. b5 Bd7 32. Nxd5 Bxb5 33. Nxf6 Kxf6 34.
Rb1 Rab7 35. Rxb5 Rxb5 36. Bxb5 Rxb5 37. Rd6+ Ke7 38. Ra6 h5 39. h4 Rb4 40. g3
Rb2 1/2-1/2

[Event "66th ch-RUS HL"]
[Site "Yekaterinburg RUS"]
[Date "2013.06.28"]
[Round "8.11"]
[White "Lysyj, Igor"]
[Black "Panarin, Mikhail"]
[Result "1-0"]
[WhiteTitle "GM"]
[BlackTitle "GM"]
[WhiteElo "2656"]
[BlackElo "2565"]
[WhiteFideId "4150120"]
[BlackFideId "4153251"]
[EventDate "2013.06.20"]

1. d4 Nf6 2. c4 e6 3. Nc3 d5 4. cxd5 Nxd5 5. e4 Nxc3 6. bxc3 c5 7. Rb1 cxd4 8.
cxd4 Be7 9. Nf3 O-O 10. Bc4 b6 11. O-O Bb7 12. Qe2 Nd7 13. Rd1 Rc8 14. Bd3 Qc7
15. a4 Rfd8 16. Bd2 a5 17. g3 Qb8 18. h4 Qa8 19. Re1 Re8 20. Ng5 h6 21. Nh3 e5
22. Bxh6 gxh6 23. Qg4+ Kf8 24. Qxd7 Bb4 25. Rxb4 axb4 26. Qd6+ Kg7 27. dxe5 Re6
28. Qxb4 Rxe5 29. Qxb6 Qa5 30. Qb1 Ba8 31. Qd1 Qc3 32. Nf4 Kh8 33. Qb1 Kg8 34.
Rd1 Qa3 35. Re1 Qxa4 36. Qb2 Qe8 37. Ra1 Bxe4 38. Re1 Rb8 39. Qd4 Rd8 40. Qe3 f5
41. f3 Bxd3 42. Qxe5 Qxe5 43. Rxe5 Bb1 44. Re6 Kh7 45. Re7+ Kg8 46. Kf2 Rb8 47.
Ne6 Rb3 48. Nd4 Ra3 49. Rb7 Bd3 50. Rb6 Kh7 51. Ke3 Bc2+ 52. Kf4 Bd1 53. h5 Ra4
54. Rd6 Bc2 55. Ke5 Bb1 56. Kf6 Ra5 57. Rb6 Bd3 58. Rb3 Ra6+ 59. Ke5 Ra5+ 60.
Kf4 Ba6 61. Nxf5 Bc8 62. Nd6 Be6 63. Rb7+ Kg8 64. g4 Bd5 65. Rb8+ Kh7 66. Ne4
Kg7 67. Rd8 Bf7 68. Rd7 Kf8 69. Rd6 Kg7 70. Ng3 Ra4+ 71. Ke3 Ra3+ 72. Kf2 Ra2+
73. Ke3 Ra3+ 74. Kf2 Ra2+ 75. Kg1 Ra3 76. Nf5+ Kf8 77. Kf2 1-0

[Event "66th ch-RUS HL"]
[Site "Yekaterinburg RUS"]
[Date "2013.06.28"]
[Round "8.12"]
[White "Sjugirov, Sanan"]
[Black "Popov, Ivan RUS"]
[Result "1/2-1/2"]
[WhiteTitle "GM"]
[BlackTitle "GM"]
[WhiteElo "2647"]
[BlackElo "2632"]
[WhiteFideId "4189302"]
[BlackFideId "4170350"]
[EventDate "2013.06.20"]

1. d4 d5 2. c4 c6 3. Nf3 Nf6 4. Nc3 dxc4 5. a4 Bf5 6. e3 e6 7. Bxc4 Bb4 8. O-O
Nbd7 9. Qe2 Bg6 10. e4 O-O 11. Bd3 c5 12. Rd1 cxd4 13. Nxd4 Nc5 14. Bc2 Qb6 15.
e5 Bxc3 16. bxc3 Nd5 17. Bxg6 hxg6 18. Bd2 Nb3 19. Nxb3 Qxb3 20. Rdb1 Qc2 21.
Rc1 Qb2 22. Rcb1 Qc2 23. Rc1 Qb2 24. Rcb1 1/2-1/2

[Event "66th ch-RUS HL"]
[Site "Yekaterinburg RUS"]
[Date "2013.06.28"]
[Round "8.13"]
[White "Kokarev, Dmitry"]
[Black "Predke, Alexandr"]
[Result "1-0"]
[WhiteTitle "GM"]
[WhiteElo "2639"]
[BlackElo "2492"]
[WhiteFideId "4132181"]
[BlackFideId "24107581"]
[EventDate "2013.06.20"]

1. e4 e5 2. Nf3 Nc6 3. Bb5 a6 4. Ba4 Nf6 5. O-O Be7 6. Re1 b5 7. Bb3 d6 8. c3
O-O 9. h3 Re8 10. d4 Bb7 11. Nbd2 Bf8 12. a4 h6 13. d5 Nb8 14. c4 bxc4 15. Bxc4
c6 16. dxc6 Bxc6 17. b3 Nbd7 18. Ba3 Qc7 19. Nh4 Qb7 20. Nf5 Nc5 21. Bxc5 dxc5
22. Qf3 Red8 23. Ra2 Kh7 24. Ng3 Qe7 25. h4 Bd7 26. Nf5 Bxf5 27. exf5 Ra7 28. a5
Rd4 29. Ne4 Nxe4 30. Rxe4 Qf6 31. g3 Bd6 32. Kg2 Bc7 33. Rxd4 cxd4 34. b4 Bd6
35. b5 axb5 36. Bxb5 e4 37. Qxe4 Qe5 38. Qxe5 Bxe5 39. a6 Bb8 40. Ra4 Rc7 41.
Rxd4 Ba7 42. Rc4 Re7 43. Rc6 Re5 44. Bc4 Re7 45. Rc8 g5 46. f6 Rd7 47. h5 g4 48.
Rf8 Bxf2 49. Rxf7+ 1-0

[Event "66th ch-RUS HL"]
[Site "Yekaterinburg RUS"]
[Date "2013.06.28"]
[Round "8.17"]
[White "Nozdrachev, Leonid"]
[Black "Voitsekhovsky, Stanislav"]
[Result "1/2-1/2"]
[WhiteTitle "FM"]
[BlackTitle "GM"]
[WhiteElo "2389"]
[BlackElo "2523"]
[WhiteFideId "24113433"]
[BlackFideId "4113470"]
[EventDate "2013.06.20"]

1. e4 e6 2. d4 d5 3. e5 c5 4. c3 Nc6 5. Nf3 Bd7 6. a3 c4 7. Nbd2 f6 8. b3 b5 9.
Be2 Nge7 10. O-O Ng6 11. Re1 fxe5 12. Nxe5 Ngxe5 13. dxe5 Bc5 14. a4 O-O 15. Nf3
Qb6 16. Rf1 a6 17. axb5 axb5 18. Rxa8 Rxa8 19. bxc4 bxc4 20. Bxc4 Be8 21. Bd3
Bh5 22. Bf4 Rf8 23. Bg3 Bxf3 24. gxf3 Ne7 25. c4 dxc4 26. Bxc4 Nf5 27. Qb3 Qxb3
28. Bxb3 Nd4 29. Bc4 Nxf3+ 30. Kg2 Nd4 31. f4 g6 32. Rb1 Kg7 33. Rb7+ Rf7 34.
Rb8 Rc7 35. Bh4 Be7 36. Bxe7 Rxe7 37. Rd8 Nf5 38. Kf3 Kf7 39. Bd3 Ra7 40. Bxf5
gxf5 1/2-1/2

[Event "66th ch-RUS HL"]
[Site "Yekaterinburg RUS"]
[Date "2013.06.28"]
[Round "8.18"]
[White "Kruchev, Boris"]
[Black "Gordievsky, Dmitry"]
[Result "0-1"]
[WhiteTitle "FM"]
[BlackTitle "FM"]
[WhiteElo "2272"]
[BlackElo "2474"]
[WhiteFideId "4179714"]
[BlackFideId "24112798"]
[EventDate "2013.06.20"]

1. d4 Nf6 2. Nf3 e6 3. e3 b6 4. Bd3 Bb7 5. Nbd2 d5 6. O-O Bd6 7. b3 O-O 8. Bb2
Ne4 9. Qe2 Qe7 10. a3 Nd7 11. c4 Rad8 12. b4 c5 13. bxc5 bxc5 14. Nb3 cxd4 15.
cxd5 Bxd5 16. Nbxd4 Rc8 17. Nb5 Bb8 18. a4 Ndc5 19. Ba3 Qf6 20. Bxe4 Bxe4 21.
Rfd1 Rfd8 22. Rxd8+ Rxd8 23. Bb2 Qg6 24. Ne1 Rd5 25. Nc3 Bxh2+ 26. Kf1 Rd8 27.
Rd1 Rxd1 28. Qxd1 Bd3+ 29. Nxd3 Qxd3+ 30. Qxd3 Nxd3 31. Ba3 Be5 32. Nd1 Bc7 33.
f4 Ba5 34. Ke2 Nb4 35. Nb2 Nc6 36. Nc4 Bc7 37. Kd3 f6 38. Bd6 Bd8 39. Bc5 h5 40.
Ke4 g6 41. Nd6 Be7 42. Kd3 Nb8 43. Kc4 Nd7 44. Ba3 a6 45. a5 g5 46. f5 Bxd6 47.
Bxd6 Kf7 48. Kd4 h4 49. Ke4 g4 50. Kf4 h3 51. gxh3 gxh3 52. Kg4 exf5+ 53. Kxh3
Ke6 54. Bc7 Kd5 55. Kh4 Ke4 56. Bb6 f4 57. exf4 Kxf4 58. Kh5 Ne5 59. Kh6 Ke4 60.
Kg7 f5 61. Kf8 f4 62. Bf2 f3 63. Ke7 Kd5 64. Bb6 Nc6+ 65. Kf6 Nd4 0-1

[Event "66th ch-RUS HL"]
[Site "Yekaterinburg RUS"]
[Date "2013.06.28"]
[Round "8.19"]
[White "Ulanov, Alexandr"]
[Black "Korniushin, Nikolay"]
[Result "1-0"]
[WhiteTitle "IM"]
[BlackTitle "IM"]
[WhiteElo "2425"]
[BlackElo "2373"]
[WhiteFideId "24107646"]
[BlackFideId "4123808"]
[EventDate "2013.06.20"]

1. d4 Nf6 2. Nf3 g6 3. Nbd2 d5 4. e3 Bg7 5. b4 O-O 6. c4 c6 7. a4 Bf5 8. Bb2 Ne4
9. Be2 Nxd2 10. Qxd2 dxc4 11. Bxc4 Be4 12. Qe2 Nd7 13. O-O Nb6 14. Bb3 Bd5 15.
Bc2 a5 16. bxa5 Bc4 17. Bd3 Bxd3 18. Qxd3 Nd5 19. e4 Nf4 20. Qe3 Bh6 21. Kh1 Kg7
22. Bc1 g5 23. Bd2 f5 24. Rae1 e6 25. d5 cxd5 26. Bc3+ Kg8 27. exf5 d4 28. Bxd4
Rxf5 29. g3 Qd5 30. gxf4 Rxf4 31. Qxe6+ Qxe6 32. Rxe6 Ra6 33. Bb6 Bf8 34. Bd4
Ra8 35. Re3 g4 36. Rg1 1-0

[Event "66th ch-RUS HL"]
[Site "Yekaterinburg RUS"]
[Date "2013.06.28"]
[Round "8.20"]
[White "Moiseenko, Vadim"]
[Black "Levin, Evgeny A."]
[Result "1/2-1/2"]
[WhiteTitle "IM"]
[BlackTitle "GM"]
[WhiteElo "2473"]
[BlackElo "2512"]
[WhiteFideId "4123700"]
[BlackFideId "4182596"]
[EventDate "2013.06.20"]

1. e4 c5 2. c3 e6 3. d4 d5 4. exd5 exd5 5. Bb5+ Nc6 6. Nf3 Bd6 7. Be3 c4 8. b3
cxb3 9. axb3 Ne7 10. O-O O-O 11. Bd3 Bf5 12. Nh4 Be4 13. f3 Bxd3 14. Qxd3 Qd7
15. Ra2 Rae8 16. g3 f6 17. f4 Bc7 18. Bc1 Nc8 19. Rg2 Rf7 20. Nd2 Nd6 21. Ba3
Ne4 22. Re2 Bd6 23. Bxd6 Nxd6 24. Rfe1 Rfe7 25. Ng2 Rxe2 26. Rxe2 Rxe2 27. Qxe2
Ne7 28. Ne3 Ndf5 29. Nxf5 Nxf5 30. Nf1 b5 31. b4 Kf8 32. Qd3 g6 33. Ne3 Nxe3 34.
Qxe3 Qf5 35. Qe2 a6 36. Qa2 Qe6 37. Kf2 Ke8 38. Qe2 Qe4 39. Qa2 Qe6 40. Qe2 Qe4
41. Qa2 1/2-1/2

[Event "66th ch-RUS HL"]
[Site "Yekaterinburg RUS"]
[Date "2013.06.28"]
[Round "8.21"]
[White "Oparin, Grigoriy"]
[Black "Sek, Konstantin"]
[Result "1-0"]
[WhiteTitle "IM"]
[WhiteElo "2497"]
[BlackElo "2463"]
[WhiteFideId "24125890"]
[BlackFideId "24104302"]
[EventDate "2013.06.20"]

1. e4 e5 2. Nf3 Nc6 3. Bb5 a6 4. Ba4 d6 5. c3 f5 6. exf5 Bxf5 7. O-O Bd3 8. Re1
Be7 9. Bc2 Bxc2 10. Qxc2 Nf6 11. d4 e4 12. Ng5 d5 13. f3 h6 14. Nh3 O-O 15. Nd2
exf3 16. Nxf3 Rf7 17. Nf2 Bd6 18. Bd2 Qf8 19. Nh4 Re7 20. Ng6 Rxe1+ 21. Rxe1 Qf7
22. Ne5 Bxe5 23. dxe5 Ne4 24. Nxe4 dxe4 25. Qxe4 Rf8 26. Be3 Qxa2 27. e6 Re8 28.
Bxh6 Qxb2 29. Bxg7 Kxg7 30. Qg4+ Kh6 31. Qf4+ Kg7 32. Qf7+ Kh6 33. Qxe8 Qb6+ 34.
Kh1 Qf2 35. Qh8+ Kg6 36. Qg8+ Kh6 37. Rd1 Qe2 38. Qf8+ Kg6 39. Qf7+ Kh6 40. Rf1 1-0

[Event "66th ch-RUS HL"]
[Site "Yekaterinburg RUS"]
[Date "2013.06.28"]
[Round "8.22"]
[White "Ovod, Evgenija"]
[Black "Iskusnyh, Sergei"]
[Result "1-0"]
[WhiteTitle "IM"]
[BlackTitle "GM"]
[WhiteElo "2387"]
[BlackElo "2489"]
[WhiteFideId "4131827"]
[BlackFideId "4120027"]
[EventDate "2013.06.20"]

1. d4 d5 2. c4 c6 3. Nf3 Nf6 4. e3 a6 5. Bd2 e6 6. Qc2 Ne4 7. Bd3 f5 8. g4 Bd6
9. gxf5 O-O 10. Bxe4 dxe4 11. Qxe4 exf5 12. Qd3 Qe8 13. Bc3 Nd7 14. Nbd2 Nf6 15.
Rg1 Be6 16. d5 cxd5 17. cxd5 Bd7 18. Qd4 Rc8 19. Nc4 Bc5 20. Qh4 Ng4 21. Qg5 g6
22. h3 f4 23. hxg4 fxe3 24. Rg3 exf2+ 25. Kf1 Qe4 26. Qe5 Qxc4+ 27. Kg2 Rf6 28.
Qxf6 f1=B+ 29. Rxf1 Qe2+ 30. Kh1 Qxf1+ 31. Rg1 Qh3+ 32. Nh2 Bf8 33. Rf1 1-0

[Event "66th ch-RUS HL"]
[Site "Yekaterinburg RUS"]
[Date "2013.06.28"]
[Round "8.23"]
[White "Khegay, Dmitriy"]
[Black "Egorov, Dmitry"]
[Result "0-1"]
[WhiteTitle "FM"]
[BlackTitle "FM"]
[WhiteElo "2349"]
[BlackElo "2355"]
[WhiteFideId "24153729"]
[BlackFideId "4128303"]
[EventDate "2013.06.20"]

1. g3 e5 2. c4 Nf6 3. Bg2 c6 4. d4 exd4 5. Qxd4 d5 6. Nf3 Be7 7. O-O dxc4 8.
Qxc4 O-O 9. Qc2 Bg4 10. Nc3 Na6 11. a3 Qa5 12. h3 Bh5 13. Bf4 Qd8 14. e4 Nc5 15.
Rad1 Qc8 16. g4 Bg6 17. Ne5 Rd8 18. Bh2 Nfd7 19. Nxg6 hxg6 20. f4 g5 21. e5 gxf4
22. Bxf4 Nf8 23. Ne4 Nxe4 24. Bxe4 Rxd1 25. Rxd1 Qc7 26. Kg2 Rd8 27. Bg3 Qb6 28.
Rxd8 Bxd8 29. Qd2 Bc7 30. h4 Qb3 31. h5 Qc4 32. Bf3 Qe6 33. Qd4 Qb3 34. Bd1 Qa2
35. Qc3 Qd5+ 36. Bf3 Qd8 37. Qe3 Ne6 38. Be4 Bb6 39. Qd3 Qg5 40. Bf3 Bd4 41. Qe2
Qc1 42. Be4 Bxb2 43. Bf5 Bd4 44. Bxe6 fxe6 45. Qe4 Qe3 46. Qg6 Qe2+ 47. Kh3 Qf1+
48. Kh4 Qf7 49. Qe4 Bc5 50. g5 Bxa3 51. Qd3 Be7 52. Kg4 b5 53. Bh4 b4 54. Be1 a5
55. g6 Qf5+ 56. Qxf5 exf5+ 57. Kxf5 b3 58. Bc3 Bb4 59. e6 Be7 60. Ke4 a4 61. Kd3
a3 62. Be5 c5 63. Kd2 c4 64. Kc1 Kf8 65. Kb1 Bb4 66. Bd4 c3 67. e7+ Bxe7 68.
Bxc3 Kg8 69. Bd4 Bf6 70. Bb2 Bxb2 0-1

[Event "66th ch-RUS HL"]
[Site "Yekaterinburg RUS"]
[Date "2013.06.28"]
[Round "8.24"]
[White "Yuferev, Oleg"]
[Black "Airapetian, Gor"]
[Result "0-1"]
[WhiteTitle "FM"]
[BlackTitle "IM"]
[WhiteElo "2284"]
[BlackElo "2448"]
[WhiteFideId "4131720"]
[BlackFideId "4177916"]
[EventDate "2013.06.20"]

1. Nf3 Nf6 2. c4 e6 3. g3 d5 4. d4 dxc4 5. Bg2 a6 6. O-O Nc6 7. Bg5 Be7 8. e3
Bd7 9. Qc1 b5 10. Nbd2 Nd5 11. Bxe7 Ncxe7 12. e4 Nb6 13. b3 O-O 14. Rd1 Rc8 15.
bxc4 c5 16. dxc5 Rxc5 17. Qa3 Rc8 18. cxb5 Bxb5 19. Bf1 Nc6 20. Rab1 Nd4 21.
Bxb5 Nxb5 22. Qxa6 Nc3 23. Re1 Nxb1 24. Rxb1 Nd7 25. Nb3 Nf6 26. Qe2 Qc7 27.
Nfd2 Ra8 28. Nc4 Qb7 29. Nbd2 Qc7 30. Rb2 h6 31. Rc2 Ra4 32. Kg2 Nd7 33. Qd1 Ra6
34. Qe2 Rfa8 35. a3 Rc6 36. Rb2 Rc5 37. Rb4 Ne5 38. Nxe5 Qxe5 39. Nc4 Qc3 40. e5
Rac8 41. Nd6 Rxe5 42. Qxe5 Qxe5 43. Nxc8 Qc3 44. Nd6 Qc6+ 45. Ne4 f5 46. f3 fxe4
47. Rxe4 Qc2+ 48. Kg1 Qc1+ 49. Kg2 Qb2+ 50. Kg1 Qxa3 51. Kf2 Qb2+ 52. Re2 Qd4+
53. Kg2 Kf7 54. h4 Kf6 55. g4 e5 56. Re4 Qd2+ 57. Kg3 g6 58. g5+ hxg5 59. hxg5+
Qxg5+ 60. Kf2 Kf5 61. Ra4 Qd2+ 62. Kg3 Qd1 63. Rg4 Qg1+ 64. Kh3 Qxg4+ 0-1